| 000 | 01075nam a22002897a 4500 | ||
|---|---|---|---|
| 003 | EG-ScBUE | ||
| 005 | 20211016135447.0 | ||
| 008 | 211016s2003 ua o f 000 0 ara d | ||
| 020 | _a9290213191 | ||
| 040 |
_aEG-ScBUE _bara _erda _cEG-ScBUE _dEG-ScBUE |
||
| 041 | 0 |
_aara _aeng _afre |
|
| 082 | 0 | 4 |
_a610.737 _bف ي س _222 |
| 245 | 0 | 0 |
_aفي سبيل الصحة = _bIn pursuit of health = Sur la voie de la santé |
| 246 | 3 | 1 | _aIn pursuit of health |
| 246 | 3 | 1 | _aSur la voie de la santé |
| 264 | 1 |
_aالقاهرة : _bمنظمة الصحة العالمية، المكتب الإقليمي لشرق المتوسط، _c2003. |
|
| 300 |
_a141 صفحة : _bصور ؛ _c30 سم |
||
| 336 |
_2rdacontent _aنص _btxt |
||
| 337 |
_2rdamedia _aبدون وسيط _bn |
||
| 338 |
_2rdacarrier _aمجلد _bnc |
||
| 541 |
_cDonation ; _aDr. Shahrazad. |
||
| 546 | _aالنص باللغات العربية والإنجليزية والفرنسية. | ||
| 650 | 7 |
_aالصحة العامة. _2BUEsh |
|
| 653 |
_bGGEN _cOctober2021 |
||
| 655 |
_vReading book _934232 |
||
| 942 | _2ddc | ||
| 999 |
_c29593 _d29564 |
||